The world's living religions / (Record no. 47540)
[ view plain ]
| 000 -LEADER | |
|---|---|
| fixed length control field | 00647cam a22002411a 4500 |
| 001 - CONTROL NUMBER | |
| control field | 6586480 |
| 005 - DATE AND TIME OF LATEST TRANSACTION | |
| control field | 20190730114021.0 |
| 008 - FIXED-LENGTH DATA ELEMENTS--GENERAL INFORMATION | |
| fixed length control field | 810520s1964 enk 000 0 eng |
| 010 ## - LIBRARY OF CONGRESS CONTROL NUMBER | |
| LC control number | 65004575 |
| 015 ## - NATIONAL BIBLIOGRAPHY NUMBER | |
| National bibliography number | GB64-2426 |
| 035 ## - SYSTEM CONTROL NUMBER | |
| System control number | (OCoLC)7432338 |
| 040 ## - CATALOGING SOURCE | |
| Original cataloging agency | DLC |
| Transcribing agency | MiGrC |
| Modifying agency | MiGrC |
| -- | Uk |
| -- | DLC |
| 100 1# - MAIN ENTRY--PERSONAL NAME | |
| Personal name | Parrinder, Geoffrey. |
| 245 14 - TITLE STATEMENT | |
| Title | The world's living religions / |
| Statement of responsibility, etc | Geoffrey Parrinder. |
| 260 ## - PUBLICATION, DISTRIBUTION, ETC. (IMPRINT) | |
| Place of publication, distribution, etc | London : |
| Name of publisher, distributor, etc | Pan Books, |
| Date of publication, distribution, etc | 1965. |
| 300 ## - PHYSICAL DESCRIPTION | |
| Extent | 202 p. ; |
| Dimensions | 18 cm. |
| 336 ## - CONTENT TYPE | |
| Content Type Term | text |
| 337 ## - MEDIA TYPE | |
| Media Type Term | unmediated |
| 338 ## - CARRIER TYPE | |
| Carrier Type Term | volume |
| 650 #0 - SUBJECT ADDED ENTRY--TOPICAL TERM | |
| Topical term or geographic name as entry element | Religions. |
| 906 ## - LOCAL DATA ELEMENT F, LDF (RLIN) | |
| a | 7 |
| b | cbc |
| c | oclcrpl |
| d | u |
| e | ncip |
| f | 19 |
| g | y-gencatlg |
| 942 ## - ADDED ENTRY ELEMENTS (KOHA) | |
| Source of classification or shelving scheme | Library of Congress Classification |
| Item type | Books |
| Withdrawn status | Lost status | Source of classification or shelving scheme | Damaged status | Not for loan | Home library | Current library | Shelving location | Date acquired | Inventory number | Total Checkouts | Full call number | Barcode | Date last seen | Price effective from | Koha item type |
|---|---|---|---|---|---|---|---|---|---|---|---|---|---|---|---|
| Library of Congress Classification | BSOP Library | BSOP Library | GC | 07/30/2019 | 1105 | BL80.2 P24w | 00020941 | 07/30/2019 | 07/30/2019 | Books |
